| 000 | 00589nam a2200241Ia 4500 | ||
|---|---|---|---|
| 003 | OSt | ||
| 005 | 20220924153556.0 | ||
| 006 | a|||||r|||| 00| 0 | ||
| 007 | ta | ||
| 008 | 220923b |||||||| |||| 00| 0 tam d | ||
| 024 | _a350812 | ||
| 037 | _cTextual | ||
| 040 |
_aARTS _cARTS _btam |
||
| 041 |
_2tam _atam |
||
| 082 | _aP31, 31P4 | ||
| 100 |
_aSankar V Au. _9229266 |
||
| 245 | 0 | _aIyal thamizh thakkanam | |
| 260 | _c2004 | ||
| 650 | _a TAMIL LANGUAGE | ||
| 650 | _aLINGUISTICS | ||
| 942 |
_hP31, 31P4 _cTEXL _2CC |
||
| 999 |
_c474109 _d474109 |
||